ALL Bastille Songs - Statistics

General Stats
  • This quiz has been taken 462 times
    42 since last reset
  • The average score is 53 of 144
Answer Stats
Album Track # Answer % Correct
Bad Blood 1 Pompeii
90%
Bad Blood 3 Bad Blood
77%
Doom Days 6 Doom Days
74%
Wild World 1 Good Grief
74%
Give Me The Future 10 Give Me The Future
68%
Wild World 11 Blame
61%
Wild World 17 Campus
61%
Wild World 10 Four Walls
61%
All This Bad Blood 1 Poet
61%
All This Bad Blood 4 Weight of Living Pt.I
61%
Bad Blood 6 Weight of Living Pt. II
61%
Doom Days 8 4AM
58%
Other - Happier (with Marshmello)
58%
Bad Blood 7 Icarus
58%
Bad Blood 11 Laura Palmer
58%
Wild World 6 Power
58%
Give Me The Future 1 Distorted Light Beam
55%
Wild World 16 Oil On Water
55%
Doom Days 1 Quarter Past Midnight
55%
Wild World 8 Send Them Off!
55%
All This Bad Blood 12 Skulls
55%
Wild World 19 The Anchor
55%
Bad Blood 2 Things We Lost in the Fire
55%
Bad Blood 8 Oblivion
52%
Wild World 13 Snakes
52%
Wild World 2 The Currents
52%
Give Me The Future 2 Thelma + Louise
52%
Wild World 4 Warmth
52%
Other People's Heartache Pt. 4 7 Warmth (feat. Moss Kena) [Outro]
52%
Other People's Heartache Pt. 4 1 Wild World (feat. Kianja) [Intro]
52%
Wild World 14 Winter of Our Youth
52%
Doom Days 2 Bad Decisions
48%
Give Me The Future 11 Club 57
48%
Bad Blood 10 Daniel in the Den
48%
Doom Days 4 Divide
48%
Doom Days 11 Joy
48%
Bad Blood 4 Overjoyed
48%
Goosebumps - EP 2 survivin'
48%
Goosebumps - EP 4 survivin' (One Eyed Jack's Session)
48%
Bad Blood 5 These Streets
48%
All This Bad Blood 2 The Silence
48%
Wild World 7 Two Evils
48%
Other People's Heartache 2 What Would You Do?
48%
All This Bad Blood 11 What Would You Do
48%
Wild World 3 An Act of Kindness
45%
Give Me The Future 5 Back To The Future
45%
Wild World 12 Fake It
45%
Bad Blood 9 Flaws
45%
Bad Blood 12 Get Home
45%
Wild World 5 Glory
45%
All This Bad Blood 10 The Draw
45%
Doom Days 3 The Waves
45%
Doom Days 10 Those Nights
45%
Goosebumps - EP 3 WHAT YOU GONNA DO??? (feat. Graham Coxon)
45%
Doom Days 9 Another Place
42%
Doom Days (This Got Out of Hand Edition) 20 Another Place (feat. Alessia Cara)
42%
Doom Days (This Got Out of Hand Edition) 16 Another Place (feat. The Chamber Orchestra of London)
42%
All This Bad Blood 3 Haunt (Demo)
42%
All This Bad Blood 7 Laughter Lines
42%
Wild World 9 Lethargy
42%
Doom Days 5 Million Pieces
42%
Doom Days 7 Nocturnal Creatures
42%
Other People's Heartache 4 Of the Night
42%
All This Bad Blood 9 Of the Night
42%
Wild World 18 Shame
42%
Give Me The Future 8 Shut Off The Lights
42%
All This Bad Blood 5 Sleepsong
42%
All This Bad Blood 13 Tuning Out...
42%
Wild World 15 Way Beyond
42%
All This Bad Blood 6 Durban Skies
39%
Doom Days (This Got Out of Hand Edition) 14 Easy Days (Demo)
39%
Goosebumps - EP 1 Goosebumps (feat. Kenny Beats)
39%
Goosebumps - EP 5 Goosebumps (One Eyed Jack's Session)
39%
"&" (Ampersand) 1 Intros & Narrators
39%
Doom Days (This Got Out of Hand Edition) 18 Million Pieces (feat. The Chamber Orchestra of London)
39%
Give Me The Future 3 No Bad Days
39%
Doom Days (This Got Out of Hand Edition) 19 Comfort of Strangers
35%
Doom Days (This Got Out of Hand Edition) 17 Final Hour
35%
Give Me The Future 13 Future Holds (feat. BIM)
35%
Doom Days (This Got Out of Hand Edition) 21 Hangin'
35%
Other People's Heartache, Pt. 2 3 No Angels (feat. Ella Eyre)
35%
Give Me The Future 6 Plug In...
35%
"&" (Ampersand) 8 Seasons & Narcissus
35%
Doom Days (This Got Out of Hand Edition) 12 Admit Defeat
32%
VS. (Other People's Heartache Pt. III) 2 Bite Down (Bastille VS. HAIM)
32%
"&" (Ampersand) 4 Blue Sky & The Painter
32%
Doom Days (This Got Out of Hand Edition) 22 Can't Fight This Feeling (feat. London Contemporary Orchestra)
32%
"&" (Ampersand) 3 Emily & Her Penthouse In The Sky
32%
VS. (Other People's Heartache Pt. III) 9 Remains (Bastille VS. Rag N Bone VS. Skunk Anansie)
32%
Give Me The Future 9 Stay Awake?
32%
Other People's Heartache Pt. 4 6 The Descent (feat. Lily Moore & Moss Kena & Jacob Banks)
32%
VS. (Other People's Heartache Pt. III) 4 The Driver
32%
Doom Days (This Got Out of Hand Edition) 15 When I Watch the World Burn All I Think About Is You (Demo)
32%
VS. (Other People's Heartache Pt. III) 3 bad_news (Bastille VS. MNEK)
29%
"&" (Ampersand) 2 Eve & Paradise Lost
29%
Doom Days (This Got Out of Hand Edition) 13 Good Lesson
29%
All This Bad Blood 8 Previously on Other People's Heartache
29%
Give Me The Future 7 Promises (with Riz Ahmed)
29%
VS. (Other People's Heartache Pt. III) 5 Axe to Grind (Bastille VS. Tyde VS. Rationale)
26%
Give Me The Future 4 Brave New World (Interlude)
26%
"&" (Ampersand) 9 Drawbridge & The Baroness
26%
"&" (Ampersand) 11 Essie & Paul
26%
Other People's Heartache Pt. 4 3 Grip (feat. Seeb)
26%
"&" (Ampersand) 5 Leonard & Marianne
26%
"&" (Ampersand) 6 Marie & Polonium
26%
VS. (Other People's Heartache Pt. III) 6 Torn Apart (Bastille VS. GRADES)
26%
VS. (Other People's Heartache Pt. III) 7 Torn Apart, Pt II (Bastille VS. GRADES & Lizzo)
26%
Other People's Heartache Pt. 4 5 Flowers (feat. Rationale & James Arthur)
23%
"&" (Ampersand) 12 Mademoiselle & The Nunnery Blaze
23%
"&" (Ampersand) 7 Red Wine & Wilde
23%
"&" (Ampersand) 14 Telegraph Road 1977 & 2024
23%
"&" (Ampersand) 10 The Soprano & Midnight Wonderings (feat. BIM)
23%
Give Me The Future 12 Total Dissociation (Interlude)
23%
VS. (Other People's Heartache Pt. III) 8 Weapon (Bastille VS. Angel Haze VS. F*U*G*Z VS. Braque)
23%
Other - World Gone Mad
23%
Other People's Heartache Pt. 4 2 Would I Lie to You? (feat. Kianja & S-X & Craig David)
23%
"&" (Ampersand) 13 Zheng Yi Sao & Questions For Her
23%
Other People's Heartache Pt. 4 4 Don't Let Go (Love) [feat. Craig David & Kianja & Swarmz]
19%
Other People's Heartache, Pt. 2 6 Dreams (feat. Gabrielle Aplin)
19%
VS. (Other People's Heartache Pt. III) 1 Fall Into Your Arms (Bastille VS. The Gemma Sharples Quartet)
16%
Other - Head Down (with Lost Frequencies)
16%
Other People's Heartache 3 Requiem for Blue Jeans
16%
Other People's Heartache 1 Adagio for Strings (What Is Love?) (feat. Maiday)
13%
Other - Basket Case
13%
Other People's Heartache 7 Falling (feat. Ralph Pelleymounter)
13%
Other People's Heartache, Pt. 2 5 Forever Ever (feat. Jay Brown & Kate Tempest)
13%
Other - I Know You (with Craig David)
13%
Other People's Heartache, Pt. 2 2 Killer (feat. F*U*G*Z)
13%
Other People's Heartache 6 Love Don't Live Here (feat. Rory Andrew, Jonas Jalhay & F. Stokes)
13%
Other People's Heartache 5 Titanium (feat. Barnaby Keen Band)
13%
Other People's Heartache, Pt. 2 1 Tuning In (feat. HUMS Contemporary Choir)
13%
Other People's Heartache, Pt. 2 4 Walk to Oblivion (feat. Ralph Pelleymounter)
13%
Other People's Heartache, Pt. 2 10 Basement (feat. F*U*G*Z & F. Stokes)
10%
Other People's Heartache, Pt. 2 8 Free (feat. Ella Eyre & Erika)
10%
Other - Liar Liar (with Dylan)
10%
Other People's Heartache, Pt. 2 11 Oh Holy Night
10%
Other People's Heartache, Pt. 2 9 Sweet Pompeii
10%
Other People's Heartache, Pt. 2 7 Thinkin' Ahead (feat. O.N.E & Ric Elsworth)
10%
Other - Eurydice (Dan's Demo)
6%
Other - Thinkin 'Bout You
3%
Other - U Got the Power (with Swiss Lips)
3%
Other - Come As You Are (MTV Unplugged)
0%
Other - La Lune (with Madeon)
0%
Other - No One's Here To Sleep (with Naughty Boy)
0%
No matching quizzes found
Score Distribution
Percent of People with Each Score
Percentile by Number Answered
Your Score History
You have not taken this quiz since the last reset